000 00465nam a2200193Ia 4500
008 101110s9999 xx 000 0 und d
041 _aENGLISH
082 _bSR6647
_a535.2
100 _aMathur B.K.
245 _aGeometrical & Physicl Optics
365 _b10.5
520 _aPhysics
546 _aENGLISH
630 _aGeometrical & Physicl Optics
650 _aPhysics
655 _aPhysics
730 _aGeometrical & Physicl Optics
942 _cBOOK
999 _c802483
_d802480